000 00965nam a2200241 a 4500
001 65862
003 BD-RjUL
005 20211209081455.0
008 170312s1999 ii |||| |||| 000 0 ben d
020 _a8185325928
_c: Tk. 100.00
035 _a(BD-RjUL)65992
040 _aBD-RjUL
_bben
_cBD-RjUL
_dBD-RjUL
041 _aben
082 _223
_a891.44092
_bPRA 1999
100 1 _aপ্রামাণিক, শান্তনু
_9193069
245 1 0 _aঅজিত দত্ত :
_bজীবন ও কাব্য /
_cশান্তনু প্রামাণিক
260 _aকলিকাতা :
_bনবপত্র প্রকাশন,
_c১৯৯৯
300 _a২৭৩ পৃ. ;
_c২১ সেমি.
504 _aগ্রন্থপঞ্জি সংযুক্ত
600 _aদত্ত, অজিত
_d১৯০৭-১৯৭৯
_xজীবনী
_9188329
600 _aDutta, Ajit
_d1907-1979
_xBiography
_9194768
942 _2ddc
_cBK
999 _c65862
_d65862